书目信息 |
| 题名: |
催眠
|
|
| 作者: | 杨安 著 | |
| 分册: | ||
| 出版信息: | 北京 中国财富出版社 2014 |
|
| 页数: | 221页 | |
| 开本: | 24cm | |
| 丛书名: | ||
| 单 册: | ||
| 中图分类: | B841.4 | |
| 科图分类: | ||
| 主题词: | 催眠术--Cui Mian Shu--通俗读物 , 通俗读物--Tong Su Du Wu | |
| 电子资源: | ||
| ISBN: | 978-7-5047-5368-7 | |
| 000 | 00856nam0 22002531 450 | |
| 001 | 0121113210 | |
| 005 | 20161122085630.25 | |
| 010 | @a978-7-5047-5368-7@dCNY32.00 | |
| 100 | @a20141204d2014 em y0chiy50 ea | |
| 101 | 0 | @achi |
| 102 | @aCN@b110000 | |
| 105 | @ay z 000yy | |
| 106 | @ar | |
| 200 | 1 | @a催眠@ACui Mian@e世界上最神奇的觉醒之路@f杨安著 |
| 210 | @a北京@c中国财富出版社@d2014 | |
| 215 | @a221页@d24cm | |
| 330 | @a本书揭开催眠的神秘面纱,阐述催眠的各种可行性操作方法、催眠与暗示的紧密关系、催眠带给我们的神奇效果以及催眠引导词的设计。 | |
| 517 | 1 | @a世界上最神奇的觉醒之路@AShi Jie Shang Zui Shen Qi De Jue Xing Zhi Lu |
| 606 | 0 | @a催眠术@ACui Mian Shu@j通俗读物 |
| 606 | 0 | @a通俗读物@ATong Su Du Wu |
| 690 | @aB841.4@v5 | |
| 701 | 0 | @a杨安@AYang An@4著 |
| 801 | 0 | @aCN@bTANGWEI@c20161118 |
| 905 | @b0899805-9@dB841.4@e1488@f5 | |
| 催眠:世界上最神奇的觉醒之路/杨安著 .-北京:中国财富出版社,2014 |
| 221页;24cm |
| ISBN 978-7-5047-5368-7:CNY32.00 |
| 本书揭开催眠的神秘面纱,阐述催眠的各种可行性操作方法、催眠与暗示的紧密关系、催眠带给我们的神奇效果以及催眠引导词的设计。 |
| ● |
| 相关链接 |
|
|
|
|
正题名:催眠
索取号:B841.4/1488
 
预约/预借
| 序号 | 登录号 | 条形码 | 馆藏地/架位号 | 状态 | 备注 |
| 1 | 0899805 | 208998058 | 第一样本阅览室/ [索取号:B841.4/1488] | 在馆 | |
| 2 | 0899806 | 208998067 | 第一借阅区/ [索取号:B841.4/1488] | 在馆 | |
| 3 | 0899807 | 208998076 | 第一借阅区/ [索取号:B841.4/1488] | 在馆 | |
| 4 | 0899808 | 208998085 | 第一借阅区/ [索取号:B841.4/1488] | 在馆 | |
| 5 | 0899809 | 208998094 | 第一借阅区/ [索取号:B841.4/1488] | 在馆 |